| 000 | 01329cam a22002771i 4500 | ||
|---|---|---|---|
| 003 | OSt | ||
| 005 | 20241204135731.0 | ||
| 008 | 241203s2015 su g 00010 ara c | ||
| 020 | _a9789960115153 | ||
| 040 |
_aSA-MaUQU _bara _cSA-RiAUC _erda |
||
| 082 | 0 | 4 |
_a259.4 _qSA-RiAUC |
| 090 |
_a259.4 _b ا ب ن ب |
||
| 100 | 1 |
_aابن باز، عبد العزيز بن عبد الله بن عبد الرحمن، _d1332-1420 هجري _eمؤلف. |
|
| 245 | 1 | 0 |
_aفتاوى نور على الدرب : _bأحكام المرأة المسلمة. _nالقسم الأول-الجزء الثلاثون / _cعبد العزيز بن باز ؛ قدم وقام بمراجعتها عبد العزيز بن عبد الله بن محمد آل الشيخ. |
| 250 | _aالطبعة الأولى. | ||
| 264 | 1 |
_aالرياض : _bإدارة مجلة البحوث الإسلامية، _c2015 |
|
| 300 |
_aمجلد ؛ _c24 سم |
||
| 336 |
_aنص _btxt _2rdacontent _3كتاب |
||
| 337 |
_aبدون وسيط _bn _2rdamedia |
||
| 338 |
_aمجلد _bnc _2rdacarrier |
||
| 650 | 7 |
_aالفقه الحنبلي _2aucsh |
|
| 650 | 7 |
_aالفقه الإسلامي _2aucsh |
|
| 700 | 1 |
_aآل الشيخ، عبد العزيز بن عبد الله بن محمد، _d1336-1413 هجري _eمقدم. |
|
| 942 |
_2ddc _cBOOK _n0 |
||
| 949 |
_aSA-JeALM _d241203 _uosman123 _n1 |
||
| 999 |
_c3027 _d3027 |
||